000 00550nam a2200169 i 4500
001 61541
003 ES-MaACL
005 20230906164500.0
007 t|
008 031112s1968 sp ||||1| spa d
100 1 _aExeler, Adolf.
_948422
245 1 0 _aEsencia y misión de la catequesis
_b: una investigación histórico-pastoral /
_cAdolf Exeler ; traducción por Raúl Gabás.
260 _aBarcelona :
_bJuan Flors,
_c1968.
300 _aXI, 236 p. ;
_c22 cm.
700 0 _aGabás Pallás, Raúl.
_953124
852 _aES-MaACL
_jC-37139
_bR.68295
999 _c61541
_d61541